000 00888nab a2200265 u 4500
001 18704
003 HDC
007 cr bn ---aaaaa
008 210227c20070824xx dr|noo 0 a eng d
040 _aHDC
100 _aReynolds, George
_eauthor
_917294
245 0 _aPackaging mark to authenticate Chinese food / by
_cGeorge Reynolds
260 _a[No place] :
_b[publisher not identified],
_c2007
300 _a1 online resource
336 _atext
_2rdacontent
337 _acomputer
_2rdamedia
338 _aonline resource
_2rdacarrier
650 _aChinese food exports
_917470
650 _aPackaging mark
_917471
710 _aHalal Focus
856 _zRequest full-text at [email protected]
942 _2lcc
942 _cNEWS
942 _kNWSO 006118
999 _c16020
_d16020